| 000 | 00715nam a2200253Ia 4500 | ||
|---|---|---|---|
| 003 | OSt | ||
| 005 | 20221005022524.0 | ||
| 006 | a|||||r|||| 00| 0 | ||
| 007 | ta | ||
| 008 | 221004b |||||||| |||| 00| 0 eng d | ||
| 020 | _cIndian Rupees 250 | ||
| 024 | _a40551 | ||
| 037 |
_bGift, 24/10/2018, _cTextual |
||
| 040 |
_aCRL _cCRL _beng |
||
| 041 |
_2eng _aeng |
||
| 082 | _aY:351.2, M8 | ||
| 100 |
_aRoy U.N. Ed. _9578185 |
||
| 245 | 0 | _aRural life and folk culture ancient India | |
| 260 |
_aAllahabad _bUniversity of Allahabad India _c1988 |
||
| 300 |
_a148p. _ccm. |
||
| 650 | _aSOCIOLOGY | ||
| 942 |
_hY:351.2, M8 _cTEXL _2cc |
||
| 999 |
_c929549 _d929549 |
||